[Event "22nd OIBM 2018"]
[Site "Gmund am Tegernsee"]
[Date "2018.11.03"]
[Round "8"]
[White "Banusz, Tamas"]
[Black "Repka, Christopher"]
[Result "0-1"]
[WhiteElo "2606"]
[BlackElo "2494"]
[Annotator "TA"]
[PlyCount "148"]
[EventDate "2018.10.27"]
[EventType "swiss"]
[EventCountry "GER"]
[SourceTitle "playchess.com"]
[Source "ChessBase"]
[SourceQuality "1"]

{[%evp 33,148,11,42,8,8,6,45,53,51,56,48,52,49,43,51,48,52,27,52,52,45,48,92,57,58,55,54,46,47,50,87,71,114,114,118,122,122,110,113,110,122,0,116,109,115,118,122,122,122,79,126,79,79,79,79,79,79,79,79,79,79,79,118,79,79,79,79,79,79,0,0,0,0,0,0,-86,-90,-504,-500,-496,-494,-494,-491,-486,-421,-352,-318,-1069,-572,-1069,-1069,-1069,-1036,-761,-1003,-1006,-160,-203,-203,-516,-516,-516,-516,-516,-514,-506,-502,-458,-396,-1525,-814,-29974,-29975,-29973,-29974,-29997,-29994]} 1. d4 d5 2. Nf3 e6 3. g3 Nf6 4. Bg2 Be7 5. c4 O-O 6. Nc3 b6 7. cxd5 exd5 8. O-O Bb7 9. Ne5 Na6 10. Bf4 c5 11. Rc1 Nc7 12. dxc5 bxc5 13. Nc4 {E18: Queen's Indian: Old Main Line (4 g3 Bb7 5 Bg2 Be7 6 0-0 0-0 7 Nc3)} Rb8 14. Bxc7 Qxc7 15. Nxd5 Bxd5 16. Bxd5 Rbd8 17. e4 Nxe4 {LiveBook: 4 Games} 18. Qf3 (18. Re1 $5 {[%cal Re1e4]} Nf6 19. Ne3 $14) 18... Ng5 19. Qg2 Bf6 20. h4 Ne6 $1 21. Bxe6 fxe6 {[#]} 22. Qe4 $146 Qf7 23. Qe2 Bd4 24. Kg2 {[#]} e5 $1 {[%mdl 512]} 25. Qe4 (25. Nxe5 Qxa2) 25... Qe6 26. b3 Rf6 27. Rce1 {[%cal Rc4e5]} Rdf8 {[%cal Rf6f2]} 28. f3 {[%cal Rc4e5]} Qf7 29. Re2 h6 30. Qd3 Qe6 31. Re4 a5 32. Qe2 {[%cal Rc4e5]} Re8 33. Nxa5 Qa6 34. Nc4 Ra8 35. a4 (35. Nxe5 $6 Qxa2 36. Rd1 Qxe2+ 37. Rxe2 Rb6 $11) 35... Rb8 36. Rb1 (36. Nxe5 $6 Qxe2+ 37. Rxe2 Rxb3 $11) 36... Rbf8 37. Rf1 Rb8 $1 38. Qc2 (38. Nxe5 $6 Qxe2+ 39. Rxe2 Rxb3 $11) 38... Qb7 39. Nd2 (39. Nxe5 $6 Qxb3 40. Qxb3+ Rxb3 $11) 39... Qb4 40. Re2 Kh8 41. h5 Rf7 42. Rb1 Rbf8 43. Rc1 Rf5 44. g4 Rf4 45. Qd3 Qb7 {Threatens to win with ...Rxg4+.} 46. Re4 R4f7 47. Rf1 Rb8 48. Ree1 Rf4 49. Kg3 Rd8 {White must now prevent ...Bf2+!} 50. Qc2 Rdf8 51. Ne4 ({White should play} 51. Re4 $16) 51... Qf7 $11 {[%cal Rf4f3]} 52. Qd3 g6 53. hxg6 Qxg6 54. Nxc5 (54. Kg2 $11 {keeps the balance.} h5 55. Rh1 Rxf3 56. Qxf3 (56. Rxh5+ Qxh5 57. Qxf3 Rxf3 $11) 56... Rxf3 57. Rxh5+ Qxh5 58. gxh5 Rxb3 59. Rc1) 54... Qd6 $1 $17 {Strongly threatening ...e4.} 55. Ne4 $2 {[%mdl 8192]} (55. Re4 $17 {is tougher.}) 55... Bf2+ $1 $19 56. Nxf2 Rxf3+ 57. Qxf3 e4+ $1 {[%cal Be5e4,Be4f3][%mdl 32]} 58. Kg2 exf3+ ({And not} 58... Rxf3 59. Nxe4 Rxf1 60. Nxd6 $11) 59. Kh3 {[#]} h5 $1 {[%mdl 512]} 60. Rd1 $2 (60. Re4 h4 61. Rg1) (60. gxh5 Qd7+) 60... Qf4 61. Rd5 hxg4+ 62. Nxg4 Kg7 $1 63. Rh5 Kg6 $1 {[%cal Rg6h5]} 64. Rh4 Rf5 $2 (64... Kg5 $1 $19 {is more deadly. ( -> ...Rh8!)} 65. Rf2 Rb8) 65. Nf2 Qe3 {[%mdl 1024] Black has strong compensation.} 66. Rg1+ $2 {[#]} (66. Re4 {is a better chance.} Qd2 67. Rg4+ Kf7 68. Kg3) 66... Kf7 $1 67. Rh7+ Kf8 68. Rh8+ {[#]} Ke7 $1 69. Rh7+ Kd6 ({Not} 69... Rf7 70. Rxf7+ Kxf7 71. Kg3 $17) 70. Rg6+ Kc5 71. Rc7+ $2 (71. Rb7 Rh5+ 72. Kg4 Qxf2 73. Kxh5 Qh2+ 74. Kg5) 71... Kb4 72. Rg4+ Kxb3 {Black mates.} 73. Rb7+ Ka3 74. Rg1 Rh5+ {Precision: White = 47%, Black = 66%.} 0-1

[Event "22nd OIBM 2018"]
[Site "Gmund am Tegernsee"]
[Date "2018.11.03"]
[Round "8"]
[White "Braun, Arik"]
[Black "Delitzsch, Juergen"]
[Result "1-0"]
[WhiteElo "2603"]
[BlackElo "2178"]
[Annotator "TA"]
[PlyCount "61"]
[EventDate "2018.10.27"]
[EventType "swiss"]
[EventCountry "GER"]
[SourceTitle "playchess.com"]
[Source "ChessBase"]
[SourceQuality "1"]

{[%evp 28,61,42,43,85,50,81,93,93,61,93,93,87,91,67,47,42,23,47,40,52,48,41,49,46,47,100,60,71,86,114,120,592,601,629,617]} 1. d4 Nf6 2. c4 g6 3. Nc3 Bg7 4. e4 d6 5. h3 O-O 6. Be3 c5 7. Nf3 cxd4 8. Nxd4 Nc6 9. Be2 Bd7 10. O-O Nxd4 11. Bxd4 Bc6 12. Qc2 {B38: Sicilian: Maroczy Bind with 5...Bg7 and 7...0-0} a5 13. Rad1 Nd7 14. Bxg7 Kxg7 15. Bg4 {LiveBook: 33 Games} Ra6 {[#]} 16. Qd2 $146 ({Predecessor:} 16. Rfe1 Qb8 17. Bxd7 Bxd7 18. a4 Rc6 19. b3 Rc5 {1-0 (36) Grandelius,N (2641)-Kollars,D (2500) Karlsruhe 2017}) 16... Ne5 17. c5 Nxg4 18. hxg4 Bd7 19. g5 {e5! is the strong threat.} Qc8 20. cxd6 Rxd6 21. Qf4 Re6 $1 22. Rd3 f6 23. Rfd1 Bc6 24. f3 Re5 25. gxf6+ exf6 26. Rd6 $36 {[%mdl 2048] And now Rxf6! would win. White fights for an advantage.} Re6 (26... Qc7 $14) 27. Ne2 Rxd6 28. Rxd6 Bb5 29. Nd4 Qc5 $2 {[%mdl 8192] [#]} (29... Bd7 $16 {is more resistant.} 30. e5 fxe5 31. Qxe5+ Kg8 32. Qxa5 Be8) 30. Rd5 $18 Qb6 31. Qe3 {Precision: White = 69%, Black = 28%.} 1-0

[Event "22nd OIBM 2018"]
[Site "Gmund am Tegernsee"]
[Date "2018.11.03"]
[Round "8"]
[White "Petrosyan, Manuel"]
[Black "Baldauf, Marco"]
[Result "1/2-1/2"]
[WhiteElo "2574"]
[BlackElo "2472"]
[Annotator "TA"]
[PlyCount "96"]
[EventDate "2018.10.27"]
[EventType "swiss"]
[EventCountry "GER"]
[SourceTitle "playchess.com"]
[Source "ChessBase"]
[SourceQuality "1"]

{[%evp 21,96,22,19,23,17,10,7,7,26,26,25,30,30,25,23,23,25,26,33,13,15,20,18,7,27,0,0,0,0,-10,0,-22,0,-14,0,-48,0,0,0,0,0,0,0,0,0,0,0,0,0,0,0,0,26,0,0,0,0,0,0,0,0,9,9,0,0,0,0,0,0,0,0,0,0,0,0,0,8]} 1. d4 Nf6 2. c4 g6 3. g3 c5 4. Nf3 cxd4 5. Nxd4 Bg7 6. Bg2 O-O 7. Nc3 Qc7 {E60: King's Indian: Unusual lines and Fianchetto Variation without Nc3} 8. Qd3 Nc6 9. O-O d6 10. b3 Nxd4 11. Qxd4 Ne4 {LiveBook: 6 Games} 12. Qxe4 Bxc3 13. Bh6 Bxa1 14. Bxf8 {[#]} Kxf8 $146 (14... Bf6 $5 15. Bh6 $8 Rb8 $11) ({Predecessor:} 14... Bf6 15. Bh6 {½-½ (29) Fridman,D (2639)-Bok,B (2562) Biel 2015}) 15. Rxa1 Kg8 16. h4 h5 17. Rd1 Rb8 {[%cal Ba8b8,Bb8c8,Bc8c5][%mdl 32]} 18. Qf4 Be6 19. Bd5 Qc8 20. a4 b6 21. e4 Qd7 22. Qg5 Rc8 23. f4 Bxd5 24. Qxd5 $11 {[%mdl 4096] Endgame KQR-KQR} Rc5 25. Qd4 Qc8 26. Rc1 Qc7 27. Kg2 Qc8 28. Rc3 Qg4 29. Rf3 a6 30. Rf2 Qd7 31. b4 Rc8 32. f5 Qc6 33. fxg6 fxg6 34. c5 dxc5 35. Qc4+ Kh8 36. Rf7 {[#] Strongly threatening Qc3+.} Rd8 37. Qc3+ (37. a5 $5 {[%cal Ra5b6]} e5 38. axb6 Qxb6 39. bxc5 $16) 37... Rd4 {The position is equal.} 38. Rxe7 Qd6 39. bxc5 Qxc5 40. Qxc5 bxc5 {KR-KR} 41. a5 {next Kf3 is good for White.} Ra4 42. Re6 Kg7 43. Rxa6 {[#] Black must now prevent e5.} Rxe4 44. Rc6 c4 45. Kf3 Re5 46. a6 Ra5 47. Ke4 {And now Kd4 would win.} c3 48. Kd3 Ra3 {Precision: White = 58%, Black = 74%.} 1/2-1/2

[Event "22nd OIBM 2018"]
[Site "Gmund am Tegernsee"]
[Date "2018.11.03"]
[Round "8"]
[White "Santos Latasa, Jaime"]
[Black "Demchenko, Anton"]
[Result "1/2-1/2"]
[WhiteElo "2572"]
[BlackElo "2679"]
[Annotator "TA"]
[PlyCount "97"]
[EventDate "2018.10.27"]
[EventType "swiss"]
[EventCountry "GER"]
[SourceTitle "playchess.com"]
[Source "ChessBase"]
[SourceQuality "1"]

{[%evp 16,97,48,41,48,38,43,41,47,27,51,41,61,44,37,33,35,17,30,0,0,0,0,0,0,-15,-11,-12,1,-35,-35,-39,-35,-45,-38,-41,-12,-12,-12,-17,-17,-22,-24,-22,-22,-39,-36,-41,-30,-72,0,0,0,0,0,0,0,0,0,0,0,0,0,0,0,0,0,0,0,0,0,0,0,0,0,0,0,0,0,0,0,0,0,0]} 1. d4 Nf6 2. c4 g6 3. Nc3 Bg7 4. e4 d6 5. h3 O-O 6. Be3 Na6 7. g4 {E71: King's Indian: 4 e4 d6 5 h3} e5 (7... c5 8. Nge2 b6 9. e5 Ne8 10. Bg2 Rb8 11. O-O Bb7 12. Bxb7 Rxb7 13. Qa4 Nec7 14. exd6 exd6 {½-½ (60) Caruana,F (2811)-Adhiban,B (2655) Wijk aan Zee 2018}) 8. d5 Nc5 9. f3 {LiveBook: 13 Games. White is slightly better.} c6 10. Qd2 cxd5 11. cxd5 Bd7 $146 ({Predecessor:} 11... Ne8 12. O-O-O Qa5 13. Kb1 f5 14. Nb5 Qxd2 15. Rxd2 {½-½ (42) Warmerdam,M (2356)-Rahul,S (2331) Groningen 2017}) 12. Nge2 h5 13. Nc1 Nh7 14. Nd3 Nxd3+ 15. Bxd3 h4 16. O-O Bf6 17. Kh2 Bg5 18. Bxg5 Qxg5 19. Qxg5 Nxg5 20. Nd1 Rac8 21. Ne3 Rc5 22. Kg2 Rfc8 23. Rf2 Kf8 24. Rd1 Ke7 25. Rdd2 b5 26. Rc2 f6 27. Rfd2 a5 {[%cal Ba7a5,Ba5a4][%mdl 32]} 28. Rf2 Nf7 29. Rfd2 Kd8 30. Kf2 Ng5 31. Kg2 a4 32. Bf1 Rxc2 (32... f5 $17 33. Rxc5 (33. exf5 gxf5 34. Rxc5 Rxc5 $11) 33... Rxc5) 33. Rxc2 $11 {The position is equal.} Rxc2+ (33... Rb8 {feels hotter.} 34. Be2 Rb7 35. Kh2 Nf7 36. Kg2 Ra7) 34. Nxc2 $17 {[%mdl 4096] Endgame KBN-KBN} Kc7 35. b4 axb3 36. axb3 {[%cal Ba2b3,Bb3b4][%mdl 32]} Nf7 37. b4 $1 Kb6 38. Kf2 g5 39. Ke3 Nh8 40. Ne1 Ng6 41. Nd3 Nf4 42. Nxf4 gxf4+ $11 {KB-KB} 43. Kf2 Be8 44. Bd3 Bd7 45. Bf1 Be8 46. Bd3 Bd7 47. Bf1 Be8 48. Bd3 Bd7 49. Bf1 {Precision: White = 60%, Black = 78%.} 1/2-1/2

[Event "22nd OIBM 2018"]
[Site "Gmund am Tegernsee"]
[Date "2018.11.03"]
[Round "8"]
[White "Fier, Alexandr"]
[Black "Papp, Gabor"]
[Result "0-1"]
[WhiteElo "2558"]
[BlackElo "2591"]
[Annotator "TA"]
[PlyCount "42"]
[EventDate "2018.10.27"]
[EventType "swiss"]
[EventCountry "GER"]
[SourceTitle "playchess.com"]
[Source "ChessBase"]
[SourceQuality "1"]

{[%evp 17,42,0,10,0,-12,-50,-25,-95,-75,-79,-75,-114,0,-164,-121,-137,-145,-160,-142,-668,-664,-29981,-29982,-29983,-29977,-1471,-1466]} 1. e4 e5 2. Nf3 Nf6 3. Nxe5 d6 4. Nf3 Nxe4 5. Nc3 Nxc3 6. dxc3 Be7 7. Be3 O-O 8. Qd2 {C42: Petroff Defence: 3 Nxe5 and unusual White 3rd moves} Nd7 9. O-O-O Nf6 {LiveBook: 20 Games} (9... c6 10. h4 d5 11. Kb1 Re8 12. Bd3 Bc5 13. Rde1 Bxe3 14. Rxe3 Rxe3 15. Qxe3 Nf6 {½-½ (28) Aronian,L (2780)-Caruana,F (2827) Batumi 2018}) 10. c4 {The position is equal.} c5 11. h3 $146 ({Predecessor:} 11. Bd3 b5 12. cxb5 a6 13. b6 Qxb6 14. c4 d5 15. cxd5 Nxd5 16. Bxh7+ Kxh7 {1-0 (29) Lagarde,M (2594)-Michalik,P (2546) Germany 2018}) 11... b5 12. Kb1 (12. Bf4 $11) 12... Be6 13. cxb5 a6 {Strongly threatening ...axb5.} 14. bxa6 Ne4 (14... Qb6 $1 $17 {White must now prevent ...Ne4.} 15. b3 Ne4) 15. Qe1 $2 {[#]} (15. Qd3 $11 d5 16. Be2) 15... Bf6 $1 $19 16. Bd4 cxd4 17. Qxe4 {[#]} Qa5 $1 {[%cal Ra5a2]} 18. b3 $2 {[%mdl 8192]} (18. a3 $17 Rfb8 19. Bd3 Qxa3 20. Qxh7+ Kf8 21. Kc1 (21. b3 {gets mated.} Bxb3 22. Qh8+ Ke7 23. Qe8+ Kxe8 24. Bb5+ Rxb5 25. cxb3 Rxb3+ 26. Kc2 Qb2#) 21... Rxb2 22. Kd2 (22. Qh8+ $2 Ke7 $19) 22... Qc3+ 23. Ke2) 18... Bf5 19. Qe2 {[#]} d3 $1 {[%mdl 512]} 20. Rxd3 {[#]} (20. cxd3 Qc3) 20... Qxa2+ $1 {[%mdl 512]} 21. Kc1 (21. Kxa2 Rxa6+) 21... Rfe8 {Precision: White = 12%, Black = 87%.} 0-1

[Event "22nd OIBM 2018"]
[Site "Gmund am Tegernsee"]
[Date "2018.11.03"]
[Round "8"]
[White "Mons, Leon"]
[Black "Zude, Arno"]
[Result "1/2-1/2"]
[WhiteElo "2554"]
[BlackElo "2349"]
[Annotator "TA"]
[PlyCount "88"]
[EventDate "2018.10.27"]
[EventType "swiss"]
[EventCountry "GER"]
[SourceTitle "playchess.com"]
[Source "ChessBase"]
[SourceQuality "1"]

{[%evp 24,88,27,14,39,40,33,31,102,80,89,85,116,93,236,234,233,129,107,19,24,22,33,32,35,0,17,0,0,0,0,0,0,0,35,38,42,32,147,159,163,0,69,0,0,0,0,0,0,0,0,0,0,0,0,0,0,0,0,0,0,0,0,0,0,0,0]} 1. Nf3 d5 2. c4 e6 3. b3 Nf6 4. Bb2 b6 5. g3 Bb7 6. Bg2 Nbd7 7. O-O Be7 8. Nc3 O-O 9. e3 dxc4 10. bxc4 c5 11. d3 Qc7 12. Qe2 Rac8 13. Ne1 Rfd8 {A14: English Opening: 1...e6 with b3 by White} (13... Bxg2 14. Nxg2 e5 15. e4 Rce8 16. f4 Bd8 17. f5 h6 18. Ne3 Qd6 19. Kg2 Nb8 20. Ncd5 Nc6 21. Nxf6+ Bxf6 22. Nd5 Ne7 23. Ne3 Nc6 24. Nd5 Ne7 25. Ne3 {½-½ (25) Srebrnic,A (2318)-Madl,I (2375) Sibenik 2006}) 14. f4 Bxg2 15. Nxg2 g6 $146 (15... Nb8 $14) ({Predecessor:} 15... Nb8 16. g4 Nc6 17. g5 Nd7 18. Ne4 Nf8 19. Rad1 a6 20. Nf6+ gxf6 21. gxf6 {1-0 (38) Moehring,G (2264)-Heuer,T (2152) Berlin 2000}) 16. g4 a6 17. a4 Nb8 18. f5 g5 (18... gxf5 $16 19. gxf5 e5) 19. fxe6 $18 fxe6 20. Qf3 (20. h4 $1 $18) 20... Rf8 $16 21. Ne4 ({White should play} 21. h4 $1 $16) 21... Nxe4 $11 22. Qxe4 Qd6 23. Rxf8+ Rxf8 24. Rf1 Rxf1+ 25. Kxf1 Nd7 26. Ne1 Bf6 27. Bc1 Bc3 {Threatens to win with ...Nf6.} 28. Nf3 Nf6 29. Qa8+ Kg7 30. Ke2 Nxg4 {[#]} (30... h5 $14) 31. Qb7+ $1 $16 Kh6 {[#]} 32. h4 $2 ({White has to play} 32. d4 $1 $18 Nxh2 33. Ne5) 32... Qg3 (32... Bf6 $1 $11) 33. Qf7 (33. hxg5+ $14 Kg6 34. Kd1) 33... Bf6 $11 {The position is equal.} 34. hxg5+ Bxg5 35. Qf8+ Kh5 {White must now prevent ...Qf2+.} 36. Qf7+ Kh6 {Hoping for ...Qf2+.} 37. Qf8+ $40 {[%mdl 128] Black needs to defend precisely.} Kh5 {And now ...Qf2+ would win.} 38. Qe8+ Kh6 39. Qxe6+ Bf6 $1 40. e4+ Kg7 41. Qd7+ Kg8 42. Qe8+ Kg7 {( -> ...Qf2+)} 43. Qd7+ Kg8 44. Qe8+ Kg7 {Precision: White = 56%, Black = 43%.} 1/2-1/2

[Event "22nd OIBM 2018"]
[Site "Gmund am Tegernsee"]
[Date "2018.11.03"]
[Round "8"]
[White "Andersson, Ulf"]
[Black "Baeuml, Ulrich"]
[Result "1/2-1/2"]
[WhiteElo "2530"]
[BlackElo "2088"]
[Annotator "TA"]
[PlyCount "43"]
[EventDate "2018.10.27"]
[EventType "swiss"]
[EventCountry "GER"]
[SourceTitle "playchess.com"]
[Source "ChessBase"]
[SourceQuality "1"]

{[%evp 17,43,22,76,46,49,42,53,37,35,30,68,52,102,45,70,40,52,43,37,48,45,43,42,41,68,64,884,197]} 1. Nf3 Nf6 2. c4 b6 3. g3 Bb7 4. Bg2 c5 5. O-O g6 6. d4 cxd4 7. Qxd4 Bg7 8. Nc3 O-O 9. Qh4 Qc8 {LiveBook: 4 Games. A30: Symmetrical English: Double Fianchetto and Hedgehog} (9... h5 $11 {keeps the balance.}) (9... d6 10. Bh6 Nbd7 11. Rfd1 Rc8 12. b3 Rc5 13. Ng5 Bxg2 14. Kxg2 Re8 15. Bxg7 Kxg7 16. Nge4 Qa8 {½-½ (16) So,W (2674)-Svidler,P (2734) Amsterdam 2010}) 10. Rd1 d6 11. Bg5 Nbd7 {White is slightly better.} 12. Rac1 Re8 13. b3 $146 ({Predecessor:} 13. Nd5 Bxd5 14. cxd5 Qa6 15. Qc4 Qxc4 16. Rxc4 Rac8 17. Rxc8 Rxc8 {1-0 (47) Pavlovic,M (2482)-Bozilov,D (1979) Kragujevac 2015}) 13... Bc6 14. Bh6 Bh8 15. Be3 (15. e4 $16) 15... Qb7 16. Nd5 h5 17. Nd4 $36 {[%mdl 2048] White is more active.} Bxd5 18. cxd5 Ng4 19. Bg5 Bxd4 $1 20. Rxd4 Qa6 21. h3 Nb8 $2 {[%mdl 8192] [#]} (21... Ngf6 $14) 22. Ra1 $2 {Precision: White = 34%, Black = 29%.} (22. hxg4 Nd7 23. gxh5 Qxe2 24. hxg6 fxg6 25. Re4) 1/2-1/2

[Event "22nd OIBM 2018"]
[Site "Gmund am Tegernsee"]
[Date "2018.11.03"]
[Round "8"]
[White "Zanan, Evgeny"]
[Black "Moiseenko, Alexander"]
[Result "1/2-1/2"]
[WhiteElo "2514"]
[BlackElo "2648"]
[Annotator "TA"]
[PlyCount "126"]
[EventDate "2018.10.27"]
[EventType "swiss"]
[EventCountry "GER"]
[SourceTitle "playchess.com"]
[Source "ChessBase"]
[SourceQuality "1"]

{[%evp 14,126,14,16,42,35,41,10,25,19,31,27,29,2,16,9,35,73,86,76,104,81,139,143,151,169,158,148,163,175,165,98,107,91,98,100,103,96,104,105,100,124,108,115,196,190,191,132,184,184,187,185,182,170,170,172,693,689,642,551,1009,260,260,260,465,416,536,535,528,496,470,437,472,462,333,340,306,269,262,215,232,246,232,72,72,72,72,72,72,72,72,72,72,72,72,72,72,0,72,72,72,0,0,0,0,0,0,0,0,0,0,0,0,0,29985]} 1. d4 Nf6 2. c4 e6 3. Nc3 Bb4 4. e3 O-O 5. Bd3 c5 6. Nf3 b6 7. d5 exd5 {E50: Nimzo-Indian: Rubinstein: 4...0-0 5 Nf3} 8. cxd5 {LiveBook: 18 Games} a6 (8... Nxd5 9. Bxh7+ Kxh7 10. Qxd5 Bxc3+ 11. bxc3 Qf6 12. Bb2 Nc6 13. O-O-O Kg8 14. h4 Ba6 15. h5 {0-1 (54) Harikrishna,P (2755)-Eljanov,P (2751) Shamkir 2017 CBM 178 [Krasenkow,M]}) 9. O-O d6 {White is slightly better.} 10. h3 $146 ({Predecessor:} 10. Ne4 Nxe4 11. Bxe4 b5 12. a3 Ba5 13. b4 Bb6 14. bxc5 Bxc5 15. Bb2 Bg4 16. Qc2 f5 17. Bd3 Bxf3 18. gxf3 Qh4 19. Bxf5 Qg5+ 20. Bg4 Qxd5 21. Rad1 Qf7 22. Qe4 {1-0 (22) Al Sayed,M (2498)-Roiz,M (2645) Biel 2010}) 10... Re8 11. Re1 Nbd7 12. a3 Ba5 13. a4 Rb8 14. e4 $36 {[%mdl 2048] White has good play.} Nf8 (14... b5 $5) 15. Bf4 Ng6 16. Bh2 Qc7 17. Nd2 Bxc3 (17... Ne5 $142 18. Qe2 Ra8) 18. bxc3 $16 b5 19. axb5 axb5 {[#]} 20. c4 $1 Bd7 21. f4 bxc4 22. Nxc4 (22. Bxc4 $18 {And now e5! would win.} Qb7 23. Rb1) 22... Bb5 23. e5 Nxd5 24. Nxd6 ({Much worse is} 24. exd6 $6 Rxe1+ 25. Qxe1 Qd8 $14) 24... Bxd3 25. Nxe8 Rxe8 26. Qxd3 Ndxf4 27. Bxf4 Nxf4 28. Qe4 Ne6 (28... g5 $16) 29. Ra8 $18 Rf8 30. Qd5 (30. Rea1 $18 Qd7 31. Rxf8+ Nxf8 32. Ra5) 30... h6 (30... g5 $16 {was necessary.} 31. Rxf8+ Kxf8) 31. Rea1 Rxa8 32. Rxa8+ {[%mdl 4096] Endgame KQR-KQN} Kh7 33. Qd3+ g6 34. Qf3 {Threatens to win with Qf6.} c4 $2 (34... Qe7 35. Rb8 Nd4) 35. Qf6 {[%csl Ga8][%cal Rf6h8]} Ng7 36. Qd6 Qb7 37. Qb8 $2 (37. Qf8 {[%csl Ga8][%cal Rf8h8]} g5 38. Qg8+ Kg6 39. Rd8 Qa7+ 40. Kh2) 37... Qxb8 38. Rxb8 {KR-KN} g5 $2 (38... Ne6 39. Rc8 g5 40. Rxc4 Kg6) 39. Rc8 Kg6 40. g4 Ne6 41. Rxc4 Nf4 42. Kh2 h5 43. Rc6+ Kg7 44. Rf6 h4 45. Ra6 Kf8 46. Ra7 Kg7 47. Ra4 Ng6 48. Kg2 $2 (48. Re4 $18 {is more deadly.}) 48... Nxe5 $16 49. Kf2 Nd3+ 50. Ke3 Nf4 {[#]} 51. Ke4 $1 {[%cal Re4f5] Black must now prevent Kf5.} Kg6 52. Ra6+ f6 53. Ra3 Ne6 54. Kd5 Nf4+ 55. Kd6 ({White should try} 55. Kd4 $16) 55... Kf7 (55... Nxh3 $1 $11 {remains equal.} 56. Rxh3 f5 57. gxf5+ Kxf5) 56. Rb3 Kg6 57. Kd7 (57. Kc5 $16) 57... Nxh3 $11 {The position is equal.} 58. Rxh3 {Ke6 would kill now.} f5 59. gxf5+ Kxf5 {KR-KPP} 60. Ke7 g4 61. Rxh4 g3 {Hoping for ...g2.} 62. Rh8 Kf4 63. Rg8 Ke5 $2 {[%mdl 40960] Precision: White = 67%, Black = 52%. . An unexpected result.} (63... Kf3 $11) 1/2-1/2

[Event "22nd OIBM 2018"]
[Site "Gmund am Tegernsee"]
[Date "2018.11.03"]
[Round "8"]
[White "Jarmula, Lukasz"]
[Black "Hacker, Jonas"]
[Result "1/2-1/2"]
[WhiteElo "2492"]
[BlackElo "2345"]
[Annotator "TA"]
[PlyCount "53"]
[EventDate "2018.10.27"]
[EventType "swiss"]
[EventCountry "GER"]
[SourceTitle "playchess.com"]
[Source "ChessBase"]
[SourceQuality "1"]

{[%evp 24,53,-3,-32,0,-6,16,0,8,25,75,0,0,0,0,0,0,0,0,0,0,0,0,0,0,0,0,0,0,0,0,0]} 1. d4 d5 2. Bf4 Nf6 3. e3 c5 4. Nf3 Nc6 5. Nbd2 e6 6. c3 Bd6 7. Bg3 O-O 8. Bd3 b6 9. Qe2 {D02: 1 d4 d5 2 Nf3 sidelines, including 2...Nf6 3 g3 and 2...Nf6 3 Bf4} Bb7 10. Rd1 Re8 11. e4 Be7 12. e5 Nh5 13. a3 {LiveBook: 18 Games} g6 14. Qe3 {[#]} a5 $146 15. h4 Nxg3 16. fxg3 f6 {[#]} 17. Bxg6 $1 {[%mdl 512]} hxg6 $11 {The position is equal.} 18. Qh6 {Threatening mate with Ng5!} Bf8 19. Qxg6+ Bg7 20. Ng5 fxg5 21. Nf3 $1 {[%cal Rf3g5]} Ba6 {Hoping for ...Qc7.} 22. Nxg5 {aiming for Rd2.} cxd4 $1 23. c4 Bxc4 ({Wrong is} 23... Nxe5 $2 24. Qh7+ Kf8 25. O-O+ Ke7 26. Qxg7+ Kd6 27. Rde1 $18 (27. Rxd4 Qe7 $18)) 24. Qf7+ Kh8 25. Qh5+ Kg8 26. Qf7+ Kh8 27. Qh5+ 1/2-1/2

[Event "22nd OIBM 2018"]
[Site "Gmund am Tegernsee"]
[Date "2018.11.03"]
[Round "8"]
[White "Sanal, Vahap"]
[Black "Jahnz, Fabian"]
[Result "1-0"]
[WhiteElo "2487"]
[BlackElo "2244"]
[Annotator "TA"]
[PlyCount "85"]
[EventDate "2018.10.27"]
[EventType "swiss"]
[EventCountry "GER"]
[SourceTitle "playchess.com"]
[Source "ChessBase"]
[SourceQuality "1"]

{[%evp 29,85,-16,0,0,0,0,0,0,0,-18,0,0,8,-57,-76,-70,0,0,22,0,37,19,46,39,59,51,111,111,114,118,131,135,210,204,182,156,151,127,255,213,450,439,660,602,982,962,29958,29961,29964,1251,29964,29959,5708,3945,29968,29965,5018,5018]} 1. e4 e5 2. Nf3 Nc6 3. Bb5 a6 4. Bxc6 dxc6 5. O-O Bg4 6. h3 h5 7. d3 Qf6 8. Be3 Bxf3 9. Qxf3 Qxf3 10. gxf3 Bd6 11. Nd2 Ne7 12. Rfb1 {C68: Ruy Lopez: Exchange Variation, sidelines} f6 (12... Ng6 13. Kf1 c5 14. Nc4 Be7 15. a3 a5 16. b4 axb4 17. axb4 Rxa1 18. Rxa1 cxb4 19. Ra8+ Bd8 20. Na5 b6 {½-½ (40) Solak,D (2641)-Ding,L (2783) Khanty-Mansiysk 2017}) 13. b4 g5 14. a4 Ng6 15. Kf1 Kd7 {LiveBook: 4 Games} 16. c3 Ke6 $146 ({Predecessor:} 16... Rag8 17. Nb3 Nf4 18. Bxf4 gxf4 19. Rd1 Rg6 {½-½ (34) Malbran,G (2345)-Ibar,M (2315) Vicente Lopez 2003}) 17. Nc4 b6 18. Ke2 Rhd8 19. Rd1 Rd7 20. Rab1 Rad8 21. b5 (21. a5 $11) 21... cxb5 22. axb5 a5 ({Black should try} 22... axb5 $15 23. Nxd6 Rxd6) 23. Nxd6 $11 Rxd6 (23... Kxd6 {with more complications.} 24. d4 Ke7 25. d5 Kd6 26. c4 Nf4+) 24. d4 {[%cal Bd3d4,Bd4d5][%mdl 32]} Nf4+ (24... R6d7 {is interesting.} 25. d5+ Kd6 26. c4 Nf4+ 27. Kf1 Ke7) 25. Bxf4 gxf4 $14 {[%mdl 4096] Endgame KRR-KRR} 26. d5+ Kf7 27. Rdc1 Rg8 ({Black should play} 27... Ke7 $14) 28. c4 $16 {[%cal Bc3c4,Bc4c5][%mdl 32]} Rd7 29. c5 Ke7 30. Rc3 Rb8 (30... h4 $16 31. cxb6 cxb6) 31. Rg1 $18 {[#] And now Rg7+ would win.} Kf7 32. Rgc1 Ke7 33. cxb6 cxb6 (33... Rxb6 $16 34. Rb1 (34. Rxc7 Rxb5 35. R7c6 Rd6 $11) 34... Rb7) 34. Rc6 Rd6 $2 {[#]} (34... Kf7 35. Re6 Re7) 35. Rg1 Rxc6 (35... a4 $142 36. Rg7+ Kf8) 36. bxc6 {[%cal Bb5c6,Bc6c7][%mdl 32] KR-KR} ({Inferior is} 36. dxc6 Kd6 $15) 36... a4 {Now ...Kd6 and Black clings on.} 37. Kd3 b5 38. Rg7+ Kd6 39. Rd7+ Kc5 40. c7 Rc8 41. d6 Kc6 42. Rd8 Kb7 43. Kc3 {Precision: White = 80%, Black = 29%.} 1-0